000 00709nam a2200241Ia 4500
003 OSt
005 20220924114420.0
006 a|||||r|||| 00| 0
007 ta
008 220923b |||||||| |||| 00| 0 urd d
024 _a323140
037 _cTextual
040 _aARTS
_cARTS
_burd
041 _2urd
_aurd
082 _aV224,1wL50, 168M3
100 _aVilori Muslim Au.
_9173422
245 0 _aSher-e-Mysore
_b Tipu Sultan
260 _aBanglore
_bUrdu Library India
_c1983
650 _aMYSORE - HISTORY
_9173423
700 _a Singh Amarnath Au.
_9173424
942 _hV224,1wL50, 168M3
_cTEXL
_2CC
999 _c393442
_d393442